Light Cruisers of the United States Navy - Statistics

General Stats
  • This quiz has been taken 102 times
  • The average score is 50 of 85
Answer Stats
Class Designation Date Commissioned Service Tenure Fate Ship % Correct
Atlanta CL-51 December 24, 1941 1941-1942 Sunk in the 1st Naval Battle of Guadalcanal Atlanta
98%
Cleveland CL-104 December 3, 1944 1944-1949 Scrapped in 1970 Atlanta
98%
Cleveland CL-55 June 15, 1942 1942-1947 Scrapped in 1960 Cleveland
95%
Brooklyn CL-40 September 30, 1937 1937-1947 Transferred to Chile, sank under tow in 1992 Brooklyn
93%
Atlanta CL-52 February 14, 1942 1942-1942 Sunk in the 1st Naval Battle of Guadalcanal Juneau
93%
Juneau CL-119 February 15, 1946 1946-1955 Scrapped in 1960 Juneau
93%
Omaha CL-4 February 24, 1923 1923-1945 Scrapped in 1946 Omaha
93%
Worcester CL-144 June 26, 1948 1948-1958 Scrapped in 1972 Worcester
93%
Brooklyn CL-50 September 18, 1939 1939-1943 Sunk in the Battle of Kula Gulf, July 6, 1943 Helena
90%
Fargo CL-113 Cancelled on October 5, 1944 Cancelled Cancelled Helena
90%
Cleveland CL-85 N/A N/A Reordered as the light aircraft carrier USS Langley Fargo
85%
Fargo CL-106 December 9, 1945 1945-1950 Scrapped in 1971 Fargo
85%
Omaha CL-12 September 8, 1924 1924-1945 Scrapped in 1946 Marblehead
83%
Atlanta CL-53 January 10, 1942 1942-1946 Scrapped in 1960 San Diego
83%
Cleveland CL-58 October 15, 1942 1942-1947 Scrapped in 1960 Denver
80%
Brooklyn CL-46 October 3, 1938 1938-1946 Transferred to Argentina, Sunk in the Falkland Islands War, May 2, 1982 Phoenix
80%
Brooklyn CL-47 August 12, 1938 1938-1946 Transferred to Argentina, Scrapped in 1983 Boise
73%
Atlanta CL-97 August 31, 1941 1944-1947 Scrapped in 1966 Flint
73%
Cleveland CL-89 December 28, 1943 1943-1947 Scrapped in 1962 Miami
73%
Omaha CL-8 July 31, 1923 1923-1946 Scrapped in 1946 Detroit
71%
Cleveland CL-57 September 9, 1942 1942-1947 Scrapped in 1960 Montpelier
71%
Atlanta CL-96 December 28, 1943 1943-1946 Scrapped in 1962 Reno
71%
Brooklyn CL-49 May 19, 1939 1939-1946 Transferred to Brazil, sank under tow in 1980 St Louis
71%
Brooklyn CL-41 September 23, 1937 1937-1947 Transferred to Brazil, scrapped in 1974 Philadelphia
68%
Omaha CL-7 February 6, 1924 1924-1945 Scrapped in 1946 Raleigh
68%
Brooklyn CL-48 June 15, 1938 1938-1947 Scrapped in 1959 Honolulu
66%
Cleveland CL-92 June 17, 1945 1945-1976 Museum ship in Buffalo, New York Little Rock
66%
Brooklyn CL-42 March 10, 1938 1938-1947 Scrapped in 1960 Savannah
66%
Omaha CL-11 April 19, 1924 1924-1945 Scrapped in 1947 Trenton
66%
Omaha CL-6 January 1, 1924 1924-1945 Scrapped in 1946 Cincinnati
63%
Omaha CL-5 June 20, 1923 1923-1944 Transferred to USSR, scrapped in 1949 Milwaukee
63%
Brooklyn CL-43 June 6, 1938 1938-1946 Transferred to Chile, Scrapped in 1983 Nashville
63%
Omaha CL-9 July 2, 1923 1923-1945 Scrapped in 1946 Richmond
63%
Atlanta CL-54 February 28, 1942 1942-1946 Scrapped in 1961 San Juan
63%
Cleveland CL-80 August 31, 1943 1943-1946 Scrapped in 1962 Biloxi
61%
Cleveland CL-62 January 29, 1943 1943-1947 Scrapped in 1959 Birmingham
61%
Cleveland CL-56 July 29, 1942 1942-1946 Scrapped in 1959 Columbia
61%
Cleveland CL-66 September 9, 1944 1944-1974 Scrapped in 1980 Springfield
61%
Cleveland CL-81 December 20, 1943 1943-1947 Scrapped in 1961 Houston
59%
Cleveland CL-63 March 24, 1943 1943-1947 Scrapped in 1959 Mobile
59%
Atlanta CL-95 July 17, 1943 1943-1946 Scrapped in 1959 Oakland
59%
Atlanta CL-98 February 3, 1945 1945-1949 Scrapped in 1971 Tucson
59%
Cleveland CL-84 N/A N/A Cancelled Buffalo
56%
Cleveland CL-99 N/A N/A Reordered as the light aircraft carrier USS Bataan Buffalo
56%
Fargo CL-110 Cancelled on August 12, 1945 Cancelled Cancelled Buffalo
56%
Cleveland CL-83 October 29, 1946 1946-1956 Scrapped in 1961 Manchester
56%
Cleveland CL-82 May 15, 1945 1945-1973 Scrapped in 1980 Providence
56%
Omaha CL-10 November 3, 1923 1923-1945 Scrapped in 1947 Concord
54%
Cleveland CL-87 September 18, 1944 1944-1949 Scrapped in 1960 Duluth
54%
Cleveland CL-93 May 28, 1958 1958-1970 Scrapped in 1975 Galveston
54%
Cleveland CL-67 December 23, 1944 1944-1969 Scrapped in 1975 Topeka
54%
Omaha CL-13 February 4, 1925 1925-1945 Scrapped in 1947 Memphis
51%
Cleveland CL-60 November 24, 1942 1942-1946 Scrapped in 1959 Santa Fe
51%
Cleveland CL-78 N/A N/A Reordered as the light aircraft carrier USS Monterey Dayton
46%
Cleveland CL-105 January 7, 1945 1945-1949 Scrapped in 1962 Dayton
46%
Cleveland CL-91 December 22, 1944 1944-1979 Sunk as a target in 1999 Oklahoma City
46%
Cleveland CL-59 N/A N/A Reordeded as the Light Carrier USS Independence Amsterdam
44%
Cleveland CL-101 January 8, 1945 1945-1947 Scrapped in 1972 Amsterdam
44%
Cleveland CL-90 May 17, 1944 1944-1949 Scrapped in 1971 Astoria
44%
Juneau CL-121 November 27, 1946 1946-1949 Scrapped in 1966 Fresno
44%
Cleveland CL-88 Cancelled on December 16 ,1940 Cancelled Cancelled Newark
44%
Cleveland CL-100 N/A N/A Reordered as the light aircraft carrier USS San Jacinto Newark
44%
Fargo CL-108 Cancelled on August 12, 1945 Cancelled Cancelled Newark
44%
Fargo CL-114 Cancelled on October 5, 1944 Cancelled Cancelled Roanoke
44%
Worcester CL-145 April 4, 1949 1949-1958 Scrapped in 1972 Roanoke
44%
Juneau CL-120 May 17, 1946 1946-1950 Scrapped in 1973 Spokane
44%
Cleveland CL-77 N/A N/A Reordered as the light aircraft carrier USS Cowpens Huntington
41%
Fargo CL-107 February 23, 1946 1946-1949 Scrapped in 1962 Huntington
41%
Cleveland CL-64 January 24, 1944 1944-1946 Sunk as a target in 1969 Vincennes
41%
Fargo CL-118 Cancelled on August 12, 1945 Cancelled Cancelled Chattanooga
39%
Cleveland CL-65 June 8, 1944 1944-1950 Scrapped in 1972 Pasadena
39%
Cleveland CL-102 June 25, 1945 1945-1949 Scrapped in 1974 Portsmouth
39%
Cleveland CL-61 N/A N/A Reordered as the light aircraft carrier USS PrincetonSunk in the Battle of Leyte Gulf Tallahassee
39%
Fargo CL-116 Cancelled on August 12, 1945 Cancelled Cancelled Tallahassee
39%
Cleveland CL-76 N/A N/A Reordered as the light aircraft carrier USS Belleau Wood New Haven
37%
Fargo CL-109 Cancelled on August 12, 1945 Cancelled Cancelled New Haven
37%
Cleveland CL-86 June 12, 1944 1944 Scrapped in 1964 Vicksburg
37%
Cleveland CL-79 N/A N/A Reordered as the light aircraft carrier USS Cabot Wilmington
37%
Fargo CL-111 Cancelled on August 12, 1945 Cancelled Cancelled Wilmington
37%
Fargo CL-117 Cancelled on August 12, 1945 Cancelled Cancelled Cheyenne
34%
Worcester CL-147 Cancelled on August 12, 1945 Cancelled Cancelled Gary
34%
Cleveland CL-94 Cancelled on August 12, 1945 Cancelled Cancelled Youngstown
34%
Fargo CL-112 Cancelled on October 5, 1944 Cancelled Cancelled Vallejo
27%
Worcester CL-146 Cancelled on December 8, 1945 Cancelled Cancelled Vallejo
27%
Cleveland CL-103 July 1, 1944 1944-1947 Scrapped in 1972 Wilks-Barre
7%
No matching quizzes found
Score Distribution
Percent of People with Each Score
Percentile by Number Answered
Your Score History
You have not taken this quiz